Jason Sudeikis Filmography - Statistics

General Stats
  • This quiz has been taken 69 times
    17 since last reset
  • The average score is 19 of 96
Answer Stats
Type Year Name % Correct
TV Show 2003-2016, 2020, 2021 Saturday Night Live
100%
Web Series 2020-Present Ted Lasso
92%
Film 2013 We're the Millers
83%
Film 2011 Horrible Bosses
58%
Film 2014 Horrible Bosses 2
58%
Film 2016 Mother's Day
42%
TV Show 2012-2013 Eastbound & Down
33%
Film 2011 Hall Pass
33%
TV Show 2010, 2011 It's Always Sunny in Philadelphia
33%
Film 2016 The Angry Birds Movie
33%
Film 2019 The Angry Birds Movie 2
33%
TV Show 2007-2010 30 Rock
25%
Film 2019 Booksmart
25%
Film 2016 Colossal
25%
Film 2013 Drinking Buddies
25%
Film 2013 epic
25%
Film 2015 Sleeping with Other People
25%
TV Special 2025 SNL50: The Anniversary Special
25%
Film 2010 The Bounty Hunter
25%
TV Show 2015-2018 The Last Man on Earth
25%
Film 2007 Watching the Detectives
25%
Film 2008 What Happens in Vegas
25%
Award Show 2011 2011 MTV Movie Awards
17%
Film 2011 A Good Old Fashioned Orgy
17%
TV Film 1997 Alien Avengers II
17%
TV Show 2008 Childrens Hospital
17%
Theater 2016 Dead Poets Society
17%
TV Show 2017 Detroiters
17%
TV Show 2019 Double Dare
17%
Film 2017 Downsizing
17%
Film 2018 Driven
17%
Video Game 2022 FIFA 23
17%
Film 2023 Fool's Paradise
17%
TV Show 2014 Garfunkel and Oates
17%
Film 2010 Going the Distance
17%
Video Game 2008 Grand Theft Auto IV
17%
TV Show 2016 Great Minds with Dan Harmon
17%
Web Series 2021-2024 Hit-Monkey
17%
Film 2024 Hitpig
17%
Music Video 2013 Hopeless Wanderer
17%
Film 2017 Kodachrome
17%
Music Video 2021 Love Dies Young
17%
Film 2016 Masterminds
17%
Film 2007 Meet Bill
17%
Commercial 2024 Michelob Ultra
17%
Short Film 2020 Mouthpiece
17%
Film 2013 Movie 43
17%
Film 2018 Next Gen
17%
Film 2017 Permission
17%
TV Show 2011, 2014 Portlandia
17%
Film 2016 Race
17%
TV Show 2013 Robot Chicken
17%
TV Show 2008-2012 Saturday Night Live Weekend Update Thursday
17%
Web Series 2020 Scooby-Doo and Guess Who?
17%
Film 2008 Semi-Pro
17%
Web Series 2018 Sideswiped
17%
TV Show 2016-2017 Son of Zorn
17%
Film 2021 South of Heaven
17%
TV Show 2019 SpongeBob SquarePants
17%
Short Film 2021 Ted Lasso: The Missing Christmas Mustache
17%
Film 2025 The Angry Birds Movie 3
17%
Film 2016 The Book of Love
17%
Film 2012 The Campaign
17%
TV Show 2009-2013 The Cleveland Show
17%
Web Series 2019 The Mandalorian
17%
Film 2008 The Rocker
17%
Film 2007 The Ten
17%
TV Show 2020 Tournament of Laughs
17%
Film 2015 Tumbledown
17%
Web Series 2007 Wainy Days
17%
Documentary Series 2022 60 Minutes
8%
Web Mini-Series 2017 aka Wyatt Cenac
8%
Commercial 2012 Applebee's
8%
Short Film 2008 Bang Blow & Stroke
8%
Podcast 2021 Batman: The Audio Adventures
8%
Podcast 2020 Escape from Virtual Island
8%
Web Special 2023 Hannah Waddingham: Home for Christmas
8%
Music Video 2008 Hero Song
8%
Web Series 2018 I Love You, America
8%
TV Show 1998 J.T.S. Brown
8%
Short Film 2019 Lady Liberty
8%
TV Show 2016 Last Week Tonight with John Oliver
8%
Music Video 2009 Like a Boss
8%
Short Film 2019 Live Stream
8%
Web Series 2013 Magic Eye Shark Movie
8%
TV Special 2019 Mega Man The Super Fighting Robot
8%
Music Video 2008 Space Olympics
8%
Web Series 2024 Sue's Places
8%
Short Film 2011 Surviving a Horrible Boss
8%
Short Film 2015 The Jay Z Story
8%
Web Series 2008 The Line
8%
Web Series 2013 The Trunk
8%
Film 2021 Till Death
8%
Commercial 2022 TuboTax
8%
TV Film 1999 Velocity
8%
Documentary Series 2022 Welcome to Wrexham
8%
No matching quizzes found
Score Distribution
Percent of People with Each Score
Percentile by Number Answered
Your Score History
You have not taken this quiz since the last reset